Quick Pick: 'Harry Potter' Chapter 'Names' Quiz Stats

 Plays Quiz Updated Jul 31, 2017

Support Sporcle.
Go Orange.
Score 0/18 Timer 01:30
3 Plays Today
% Correct
Gilderoy
84.2%
Big
82.9%
Flamel
82.4%
Xenophilius
80.7%
Lies
73.9%
Returns
70.5%
Prediction
69.9%
House
65.9%
Scoop
63.9%
% Correct
Secret
63.8%
Warning
62%
Madness
57.1%
Woes
56.1%
Will
52%
Victorious
51.1%
Tale
43.5%
Detour
43.3%
Request
41%

Today's Daily Dose

You're not logged in!

Compare scores with friends on all Sporcle quizzes.
OR
Log In
Forgot?

From the Vault

Trees Logic Puzzle III

by Katie_Wandering

You're going to need to help them, since trees can't really do logic puzzles.
Remove Ads.
Support Sporcle.
Get the best of Sporcle when you Go Orange. This ad-free experience offers more features, more stats, and more fun while also helping to support Sporcle. Thank you for becoming a member.

Show Comments

Extras

Top Quizzes Today


Score Distribution

Your Account Isn't Verified!

In order to create a playlist on Sporcle, you need to verify the email address you used during registration. Go to your Sporcle Settings to finish the process.

Report this User

Report this user for behavior that violates our Community Guidelines.

Details: